| 000 | 00729cam a22002294a 4500 | ||
|---|---|---|---|
| 001 | 14895073 | ||
| 005 | 20180306075057.0 | ||
| 008 | 070618r2006 enka bf 001 0 eng | ||
| 010 | _a 2007276595 | ||
| 020 | _a0335213030 (pbk.) | ||
| 040 |
_aDLC _cDLC _dDLC |
||
| 041 | _aeng | ||
| 080 | _a300.72 DEN | ||
| 082 | 0 | 0 |
_a300.72 DEN _222 |
| 100 | 1 | _a50 | |
| 101 | _aSOC | ||
| 245 | 1 | 4 |
_aThe good research guide : _cMartyn Denscombe. |
| 504 | _aIncludes bibliographical references (p. [302]-306) and index. | ||
| 906 |
_a7 _bcbc _corigcop _d2 _encip _f20 _gy-gencatlg |
||
| 942 |
_2ddc _cBK |
||
| 999 |
_c44189 _d44189 |
||